Amphibians and reptiles of Egypt.

محفوظ في:

المؤلف الرئيسي: Saleh, Mostafa A.

مؤلف مشترك: Egypt. Jihāz Shuʼūn al-Bīʼah.

التنسيق: كتاب

اللغة: English

منشور في: [Cairo] : Arab Republic of Egypt, Cabint [sic] of Ministers, Ministry of State for Environmental Affairs, Egyptian Environmental Affairs Agency, 1997.

سلاسل: Publication of National Biodiversity Unit ; 6.

الموضوعات:

الوسوم: إضافة وسم

لا توجد وسوم, كن أول من يضع وسما على هذه التسجيلة!

رقم الطلب: QL662 .E3 S24

LEADER 00886nam a22002297a 4500
003 OSt
005 20251124081623.0
008 251124t1997 ua ab 000 0 eng
040 |c ARCE Library 
050 1 4 |a QL662 .E3   |b S24 
100 1 |a Saleh, Mostafa A. 
245 1 0 |a Amphibians and reptiles of Egypt. 
264 1 |a [Cairo] :  |b Arab Republic of Egypt, Cabint [sic] of Ministers, Ministry of State for Environmental Affairs, Egyptian Environmental Affairs Agency,  |c 1997. 
300 |a viii, iii, 233 pages :  |b illustrations (some color), maps ;  |c 28 cm. 
490 0 |a Publication of National Biodiversity Unit ;   |v 6. 
650 0 |a Biodiversity -- Egypt. 
650 0 |a Reptiles -- Egypt -- Geographical distribution. 
650 0 |a Amphibians -- Egypt -- Geographical distribution. 
710 2 |a Egypt.   |b Jihāz Shuʼūn al-Bīʼah. 
901 |a reviewed 
942 |2 lcc  |c BK 
999 |c 48752  |d 48752